Momentous choices testing nonstandard decision models in health and housing markets : dizertačná práca

Salvato in:
Dettagli Bibliografici
Autore principale: Filko, Martin
Ente Autore: Erasmus Universiteit
Altri autori: Schmidt, H. G.
Natura: Libro
Lingua:inglese
Pubblicazione: Rotterdam 2013
Soggetti:
Tags: Aggiungi Tag
Nessun Tag, puoi essere il primo ad aggiungerne!!

MARC

LEADER 00000nam$a2200000$$$4500
001 0181182
005 20221207094822.3
041 0 |a eng 
044 |a NL 
245 1 0 |a Momentous choices  |b testing nonstandard decision models in health and housing markets : dizertačná práca  |c Martin Filko ; školiteľ: H. G. Schmidt 
264 1 |a Rotterdam  |c 2013 
300 |a 119 s.  |e príl. 
610 2 0 |a modely rozhodovania 
610 2 0 |a trh realitný 
610 2 0 |a zdravotníctvo 
610 2 0 |a modelovanie 
100 1 |a Filko, Martin 
700 1 |a Schmidt, H. G. 
710 2 |a Erasmus Universiteit